000 00668nam a2200181Ia 4500
008 100921s9999 xx 000 0 und d
082 _b40195
_a891.463 न 05
100 _aब्रह्मांडकर उज्वल.
245 _aप्रतिक्रिया.
260 _bमनोरमा प्रकाशन,मुंबई.
_c2005
300 _a199
_bकलाभारती वितरण,पुणे
365 _b200
520 _aललित-कादंबरी.
630 _aप्रतिक्रिया.
650 _aललित-कादंबरी.
730 _aप्रतिक्रिया.
942 _cBOOK
999 _c789308
_d789305